معجم الأحلام

محفوظ في:

المؤلف الرئيسي: اسبيروجسرى.

التنسيق: كتاب

اللغة: Undetermined

منشور في: Cairo Al-Muqtataf and Al-Muqattam Press 1930

الوسوم: إضافة وسم

لا توجد وسوم, كن أول من يضع وسما على هذه التسجيلة!

رقم الطلب: O10 JISR

LEADER 00344nam a2200121Ia 4500
008 240404s9999||||xx |||||||||||||| ||und||
050 4 |a O10 JISR 
100 1 |a اسبيروجسرى. 
245 1 0 |a معجم الأحلام  |c اسبيروجسرى 
264 1 |a Cairo  |b Al-Muqtataf and Al-Muqattam Press  |c 1930 
300 |a 146  |c 24 
942 |2 lcc  |c BK 
999 |c 57946  |d 57946